Guess the Zorro characters - Statistics

General Stats
  • This quiz has been taken 2 times
  • The average score is 7 of 16
Answer Stats
Picture Answer % Correct
Bernardo
100%
Corporal Reyes
100%
Don Alejandro
100%
El Zorro
100%
Sergeant García
100%
Don Diego
50%
Magistrate Galindo
50%
The Eagle
50%
Ana María Verdugo
0%
Captain Monasterio
0%
Captain Ortega
0%
Don Esteban
0%
Joe Crane
0%
Nacho Torres
0%
Padre Felipe
0%
Theresa
0%
No matching quizzes found
Score Distribution
Percent of People with Each Score
Percentile by Number Answered
Your Score History
You have not taken this quiz